000 00401nam a22001457a 4500
005 20200610152753.0
008 200610b xxu||||| |||| 00| 0 eng d
082 _a345.4 AIR
110 _aALL INDIA REPORTER
_95948
245 _aALL INDIA REPORTER [1977] [VOL-64] MADHYA PRADESH SECTION
260 _aBOMBAY
_bALL INDIA REPORTER , PVT . LTD
300 _a416;p
650 _aLAW
_95701
942 _cJRL
999 _c7009
_d7007